000
00293nam a22001337a 4500
008
170608b xxu||||| |||| 00| 0 eng d
020
_a
2900321243422
041
_a
eng
080
_a
93
100
_a
18
101
_a
SHH
245
_a
SOURCES OF THE WEST
_c
KISHLANSKY, M.A
942
_2
udc
_c
BK
999
_c
16565
_d
16565